00436nam a2200181Ia 4500003000400000005001700004006001900021007000300040008004100043024001000084037001200094040002000106041001300126082001700139100002100156245006800177260000900245OSt20220928144547.0a|||||r|||| 00| 0 ta220927b |||||||| |||| 00| 0 eng d a71923 cTextual aSDCLcSDCLbeng 2engaeng aY7xN08:g, M7 aCallinicos Alex. 0aMaking historyb Agency, structure and change in social theory. c1987